Effective english and workbook: teachers manual and key to accompany

Gardado en:
Detalles Bibliográficos
Autor Principal: Meade, Richard A.
Formato: Libro
Idioma:Undetermined
Publicado: Boston, Estados Unidos Albyn and Bacon, Inc. 1961
Materias:
Etiquetas: Engadir etiqueta
Sen Etiquetas, Sexa o primeiro en etiquetar este rexistro!

MARC

LEADER 00000nam a2200000Ia 4500
008 170316s9999 xx 000 0 und d
090 |a 415-I M-8e 
100 |a Meade, Richard A. 
245 |a Effective english and workbook: teachers manual and key to accompany 
260 |a Boston, Estados Unidos 
260 |b Albyn and Bacon, Inc. 
260 |c 1961 
300 |a 201 páginas 
650 |a GRAMÁTICA INGLESA 
999 |c 19463  |d 19463 
040 |a cru BVZT 
942 |c 15 D  |h 415-I M-8e  |2 z